Los cántabros y astures y su guerra con Roma / (Record no. 140142)

MARC details
000 -LEADER
campo de control de longitud fija 00784nam a2200229 i 4500
001 - NÚMERO DE CONTROL
campo de control 140142
003 - IDENTIFICADOR DE NÚMERO DE CONTROL
campo de control ES-MaACL
005 - FECHA Y HORA DE LA ÚLTIMA TRANSACCIÓN
campo de control 20240228164850.0
007 - CAMPO FIJO DE DESCRIPCIÓN FÍSICA--INFORMACIÓN GENERAL
campo de control de longitud fija t|
008 - DATOS DE LONGITUD FIJA--INFORMACIÓN GENERAL
campo de control de longitud fija 070214s1943 sp abf |||| | spa d
100 1# - ENTRADA PRINCIPAL--NOMBRE DE PERSONA
Nombre de persona Schulten, Adolf.
9 (RLIN) 104768
245 14 - MENCIÓN DEL TÍTULO
Título Los cántabros y astures y su guerra con Roma /
Mención de responsabilidad, etc. Adolf Schulten.
260 ## - PUBLICACIÓN, DISTRIBUCIÓN, ETC.
Lugar de publicación, distribución, etc. Madrid :
Nombre del editor, distribuidor, etc. Espasa-Calpe,
Fecha de publicación, distribución, etc. 1943.
300 ## - DESCRIPCIÓN FÍSICA
Extensión 211 p., 4 lám. :
Otras características físicas il., mapas ;
Dimensiones 24 cm.
490 1# - MENCIÓN DE SERIE
Mención de serie Estudios y ensayos históricos
650 #4 - PUNTO DE ACCESO ADICIONAL DE MATERIA--TÉRMINO DE MATERIA
Término de materia o nombre geográfico como elemento de entrada Astures-
Subdivisión de forma Historia.
9 (RLIN) 162067
650 #4 - PUNTO DE ACCESO ADICIONAL DE MATERIA--TÉRMINO DE MATERIA
Término de materia o nombre geográfico como elemento de entrada Cántabros (Pueblo prerromano)-
Subdivisión general Historia.
9 (RLIN) 162066
651 #7 - PUNTO DE ACCESO ADICIONAL DE MATERIA--NOMBRE GEOGRÁFICO
Nombre geográfico España-
Subdivisión general Historia-
Subdivisión cronológica 26-19 a.C. (Guerras cántabras)
Fuente del encabezamiento o término
9 (RLIN) 169931
830 0# - PUNTO DE ACCESO ADICIONAL DE SERIE-TÍTULO UNIFORME
Título uniforme Estudios y ensayos históricos
9 (RLIN) 220300
852 ## - LOCALIZACIÓN
Ubicación ES-MaACL
Número de control de estantería F-15429
Holdings
Estatus retirado Estado de pérdida Estado de daño No para préstamo Biblioteca de origen Biblioteca actual Ubicación en estantería Fecha de adquisición Fuente de adquisición Total de préstamos Signatura topográfica completa Código de barras Visto por última vez Precio de reemplazo Tipo de ítem Koha
        Biblioteca del Ateneo de Madrid Biblioteca del Ateneo de Madrid Sala Pecera Planta 2 17/01/2008     F-15429 1145838 23/02/2023 23/02/2023 Libro impreso